[Event "2023 Standard Chess Dropout Tournament, Round 2"]
[Site "SchemingMind.com"]
[Date "2023.06.29"]
[Round "2"]
[White "trazadora"]
[Black "Derek Price"]
[Result "1-0"]
[WhiteCountry "CUB"]
[BlackCountry "ENG"]
[WhiteElo "2540"]
[WhiteRD "80"]
[BlackElo "2358"]
[BlackRD "67"]
[GameID "735295"]

1. c4 e5 2. Nc3 Nc6 3. g3 Nf6 4. Bg2 Bc5 5. Nf3 d6 6. O-O O-O 7. e3 a6 8. b3 Re8 9. h3 h6 10. Bb2 Bf5
11. d3 Bh7 12. Kh2 Ne7 13. a3 c6 14. b4 Ba7 15. Rc1 Rc8 16. Qe2 Nd7 17. Ne4 Bb8 18. Ned2 b5 19. Nh4 bxc4 20. dxc4 a5
21. Kg1 axb4 22. axb4 Qb6 23. Bc3 d5 24. Rfd1 c5 25. b5 d4 26. Bb2 Bc7 27. Ra1 Qe6 28. Ra6 Bb6 29. Qg4 f5 30. Qe2 Nb8
31. Ra4 Qf6 32. exd4 cxd4 33. Nhf3 Nd7 34. Ra6 Ng6 35. Ba3 Qd8 36. Nb3 Kh8 37. c5 Nxc5 38. Nxc5 Bxc5 39. Bxc5 Rxc5 40. b6 Rc8
41. b7 Rb8 42. Ra8 Rxa8 43. Nxe5 Rxe5 44. Qxe5 Rb8 45. Qxb8 Qxb8 46. Rc1 Ne7 47. Ra1 Qe5 48. Ra8+ Bg8 49. Bf3 Qe1+ 50. Kg2 Kh7
51. b8=Q Bc4 52. Qb2 Qc3 53. Qb1 Bd3 54. Qa1 Ng6 55. Ra3 Qc4 56. Qa2 Bf1+ 57. Kh2 Ne5 58. Qxc4 Bxc4 59. Bh5 g6 60. Ra7+ Kg8
61. Bd1 d3 62. f4 Nc6 63. Rd7 Kf8 64. Kg1 Ke8 65. Rd6 Ne7 66. Kf2 Kf7 67. Rd4 Bb5 68. Bb3+ Kg7 69. Rd6 g5 70. Rd8 gxf4
71. gxf4 h5 72. h4 Ng6 73. Kg3 Ne7 74. Rd6 Kh7 75. Bf7 Kg7 76. Bxh5 Ng8 77. Bf3 Nf6 78. Kf2 Bc4 79. Ke3 Kf7 80. Rc6 Bb5
81. Rc5 Bd7 82. Kxd3 Nh7 83. Bc6 Be6 84. Bd5 Bxd5 85. Rxd5 Kg6 86. Rd6+ Kh5 87. Kd4 Nf8 88. Rf6 Nd7 89. Rxf5+ Kxh4 90. Rf7 Nb8
91. Rg7 Nc6+ 92. Ke4 Nb4 93. f5
1-0

[Event "2023 Standard Chess Dropout Tournament, Round 2"]
[Site "SchemingMind.com"]
[Date "2023.07.03"]
[Round "2"]
[White "Udo Sprang"]
[Black "Raymond de Kemp"]
[Result "1-0"]
[WhiteCountry "NED"]
[BlackCountry "NED"]
[WhiteElo "2050"]
[WhiteRD "116"]
[BlackElo "1820"]
[BlackRD "72"]
[GameID "735296"]

1. e4 e5 2. Nf3 Nf6 3. Nxe5 d6 4. Nf3 Nxe4 5. Nc3 Nf6 6. d4 Be7 7. Bd3 O-O 8. h3 b6 9. O-O Bb7 10. Nh4 Re8
11. Nf5 Bf8 12. Re1 Nc6 13. Be3 g6 14. d5 Nb4 15. Nh6+ Bxh6 16. Bxh6 Rxe1+ 17. Qxe1 Nxd3 18. cxd3 Bxd5 19. Bg5 Bc6 20. Ne4 Bxe4
21. dxe4 Qe7 22. Qc3 Kg7 23. f4 Qe6 24. g4 Re8 25. Re1 d5 26. Bh4 h6 27. g5 hxg5 28. fxg5 Kh7 29. gxf6 dxe4 30. Qxc7 Rc8
31. Qxa7 Rc5 32. Qe7 Re5 33. Qf8
1-0

[Event "2023 Standard Chess Dropout Tournament, Round 2"]
[Site "SchemingMind.com"]
[Date "2023.07.01"]
[Round "2"]
[White "Wojciech  Langer"]
[Black "pawngrabber"]
[Result "0-1"]
[WhiteCountry "INT"]
[BlackCountry "ENG"]
[WhiteElo "1601"]
[WhiteRD "99"]
[BlackElo "1800"]
[BlackRD "73"]
[GameID "735297"]

1. Nc3 e5 2. d4 exd4 3. Qxd4 Nc6 4. Qd1 Nf6 5. Bf4 Bb4 6. a3 Bxc3+ 7. bxc3 O-O 8. e3 d5 9. Bd3 Be6 10. Ne2 Nh5
11. Rb1 Nxf4 12. Nxf4 b6 13. O-O Qd7 14. e4 dxe4 15. Bxe4 Qe8 16. Qf3 Ne5 17. Qh5 Ng6 18. Nxe6 fxe6 19. Bxa8 Qxa8 20. f3 Qc6
21. Rb3 Rf5 22. Qg4 Qd6 23. Qe4 Nf4 24. Qe3 Rg5 25. g4 Rd5 26. c4 Rd2
0-1

[Event "2023 Standard Chess Dropout Tournament, Round 2"]
[Site "SchemingMind.com"]
[Date "2023.07.03"]
[Round "2"]
[White "Wojtek26"]
[Black "Stephen Dunning"]
[Result "0-1"]
[WhiteCountry "POL"]
[BlackCountry "WLS"]
[WhiteElo "1447"]
[WhiteRD "71"]
[BlackElo "1874"]
[BlackRD "82"]
[GameID "735298"]

1. d4 d5 2. e3 Nf6 3. Nf3 c5 4. c4 cxd4 5. Nxd4 e5 6. Nf3 Nc6 7. Be2 Be7 8. O-O O-O 9. a3 dxc4 10. Bxc4 Qc7
11. Be2 Bf5 12. b4 Rfd8 13. Qb3 Rac8 14. Bb2 a6 15. Nbd2 e4 16. Nd4 Nxd4 17. Bxd4 Ng4 18. Bxg4 Bxg4 19. Nxe4 Be6 20. Qb2 Qc2
21. Qxc2 Rxc2 22. Nc5 Bd5 23. Rfc1 Rxc1+ 24. Rxc1 Rc8 25. Nd3 Rxc1+ 26. Nxc1 Bc4 27. f4 a5 28. bxa5 Bxa3 29. Kf2 Bxc1
0-1

[Event "2023 Standard Chess Dropout Tournament, Round 3"]
[Site "SchemingMind.com"]
[Date "2024.01.06"]
[Round "3"]
[White "Abstract Actuary"]
[Black "pawngrabber"]
[Result "1-0"]
[WhiteCountry "USA"]
[BlackCountry "ENG"]
[WhiteElo "1871"]
[WhiteRD "87"]
[BlackElo "1789"]
[BlackRD "60"]
[GameID "740968"]

1. e4 d6 2. d4 Nf6 3. Nc3 g6 4. f4 Bg7 5. Nf3 O-O 6. Bc4 c5 7. dxc5 dxc5 8. Qxd8 Rxd8 9. e5 Nfd7 10. Nd5 Nc6
11. Bb5 e6 12. Bxc6 exd5 13. Bxd5 Nb6 14. Be4 Rb8 15. Rb1 Be6 16. b3 Na8 17. Be3 b6 18. c4 Nc7 19. Ke2 Kf8 20. h3 Ne8
21. Ng5 Nc7 22. Nxh7+ Ke7 23. Ng5 Bc8 24. Rbd1 Rxd1 25. Rxd1 f6 26. exf6+ Bxf6 27. Bxg6 Bb7 28. Nf3
1-0

[Event "2023 Standard Chess Dropout Tournament, Round 3"]
[Site "SchemingMind.com"]
[Date "2024.01.10"]
[Round "3"]
[White "Andrew Burruss"]
[Black "pjl1015"]
[Result "0-1"]
[WhiteCountry "USA"]
[BlackCountry "USA"]
[WhiteElo "1453"]
[WhiteRD "104"]
[BlackElo "2351"]
[BlackRD "115"]
[GameID "740969"]

1. e4 e6 2. d4 d5 3. e5 c5 4. c3 Nc6 5. Nf3 Qb6 6. a3 c4 7. g3 Be7 8. Bh3 Na5 9. Nbd2 Bd7 10. O-O h5
11. Re1 g5 12. g4 Nh6 13. gxh5 g4 14. Bg2 gxf3 15. Bxf3 O-O-O 16. Kh1 Rdf8 17. Rb1 f6 18. exf6 Rxf6 19. Rg1 Qd8 20. b4 Nc6
21. b5 Na5 22. a4 Qf8 23. Qe1 Rxf3 24. Nxf3 Qxf3+ 25. Rg2 Rg8 26. Qf1 e5 27. Bxh6 Bh3
0-1

[Event "2023 Standard Chess Dropout Tournament, Round 3"]
[Site "SchemingMind.com"]
[Date "2024.01.06"]
[Round "3"]
[White "Greg Magne"]
[Black "John Elburg"]
[Result "0-1"]
[WhiteCountry "CAN"]
[BlackCountry "NED"]
[WhiteElo "1766"]
[WhiteRD "79"]
[BlackElo "2546"]
[BlackRD "91"]
[GameID "740970"]

1. e4 c5 2. Nf3 Nc6 3. d4 cxd4 4. Nxd4 Nf6 5. Nc3 d6 6. Bg5 e6 7. f4 h6 8. Bh4 Be7 9. Bf2 O-O 10. Be2 e5
11. fxe5 dxe5 12. Nf3 Qa5 13. O-O Bb4 14. Be1 Bxc3 15. Bxc3 Qb6+ 16. Kh1 Nxe4 17. Qe1 Qc5 18. Rd1 Nxc3 19. Qxc3 Qxc3 20. bxc3 Be6
21. a3 Rfd8 22. Rd3 e4 23. Rxd8+ Rxd8 24. Ne1 Ne5 25. Kg1 Rc8 26. Rf4 f5 27. g4 g5
0-1

[Event "2023 Standard Chess Dropout Tournament, Round 3"]
[Site "SchemingMind.com"]
[Date "2024.01.08"]
[Round "3"]
[White "Andreas Flato"]
[Black "Sebastian Strauchler"]
[Result "0-1"]
[WhiteCountry "GER"]
[BlackCountry "ARG"]
[WhiteElo "1904"]
[WhiteRD "124"]
[BlackElo "2305"]
[BlackRD "158"]
[GameID "740971"]

1. e4 e5 2. Nf3 Nc6 3. Bc4 Nf6 4. d3 Bc5 5. O-O d6 6. h3 Bb6 7. a3 Be6 8. Ba2 a6 9. Ng5 Bxa2 10. Rxa2 Qd7
11. b4 h6 12. Nf3 g5 13. Nh2 O-O-O 14. c4 Rdg8 15. Ng4 Ne8 16. Nc3 h5 17. Ne3 g4 18. h4 g3 19. Na4 Bd4 20. b5 Nb8
21. bxa6 Nxa6 22. Nf5 Bxf2+ 23. Rfxf2 gxf2+ 24. Rxf2 Ng7 25. Nxg7 Rxg7 26. Bg5 Rg6 27. Nc3 c6 28. Qf3 Rh7 29. Nd1 Nc5 30. Nb2 Ne6
31. Na4 Nxg5 32. hxg5 Qd8 33. Qe3 Kb8 34. Rf5 Rhg7 35. c5 Rxg5 36. Rxg5 Qxg5
0-1

[Event "2023 Standard Chess Dropout Tournament, Round 3"]
[Site "SchemingMind.com"]
[Date "2024.01.07"]
[Round "3"]
[White "Andoni Zabala"]
[Black "peeuukoo"]
[Result "0-1"]
[WhiteCountry "INT"]
[BlackCountry "FIN"]
[WhiteElo "1742"]
[WhiteRD "86"]
[BlackElo "1822"]
[BlackRD "101"]
[GameID "740972"]

1. e4 e5 2. Nf3 Nc6 3. Bc4 Nf6 4. d3 h6 5. O-O d6 6. c3 Na5 7. Bb5+ c6 8. Ba4 b5 9. Bc2 c5 10. h3 Nc6
11. Be3 Be7 12. d4 cxd4 13. cxd4 exd4 14. Nxd4 Nxd4 15. Bxd4 Bb7 16. Nc3 a6 17. a3 O-O 18. f4 Re8 19. e5 dxe5 20. fxe5 Nd7
21. Qg4 Nf8 22. Bb3 Ne6 23. Bxe6 fxe6 24. Rad1 Qc8 25. Be3 Bc5 26. Rd4 Bxd4 27. Bxd4 Qc6 28. Rf7 Kxf7
0-1

[Event "2023 Standard Chess Dropout Tournament, Round 3"]
[Site "SchemingMind.com"]
[Date "2024.01.06"]
[Round "3"]
[White "Mike Winslow"]
[Black "Greg Magne"]
[Result "0-1"]
[WhiteCountry "USA"]
[BlackCountry "CAN"]
[WhiteElo "2003"]
[WhiteRD "90"]
[BlackElo "1799"]
[BlackRD "86"]
[GameID "740974"]

1. e4 e5 2. f4 exf4 3. Nf3 d6 4. d4 g5 5. h3 Bg7 6. Bc4 h6 7. Nc3 Nf6 8. Qd3 Nh5 9. Bd2 Ng3 10. Rg1 Nc6
11. O-O-O Be6 12. a3 Bxc4 13. Qxc4 Qd7 14. e5 O-O-O 15. exd6 Qxd6 16. Qxf7 Bxd4 17. Rge1 Rhf8 18. Qe6+ Kb8 19. Nb5 Qxe6 20. Rxe6 Bb6
21. Nc3 Nd4 22. Nxd4 Rxd4 23. Be1 Rxd1+ 24. Nxd1 Nf5 25. Nf2 a6 26. Ng4 Ne3 27. Nxe3 Bxe3+ 28. Kd1 Rh8 29. Ke2 Rh7 30. Kf3 Kc8
31. g3 Kd7 32. Re4 Rg7 33. Bc3 Re7 34. gxf4 Rxe4 35. Kxe4 Bxf4 36. Kf5 c5 37. Bg7 h5 38. Bh6 Bc1 39. b3 Bxa3 40. Kxg5 Bb2
41. Kxh5 b5 42. Kg6 a5 43. Bf8 Kc6 44. h4 a4
0-1

[Event "2023 Standard Chess Dropout Tournament, Round 3"]
[Site "SchemingMind.com"]
[Date "2024.01.11"]
[Round "3"]
[White "Brerrabbit"]
[Black "Derek Price"]
[Result "0-1"]
[WhiteCountry "SCO"]
[BlackCountry "ENG"]
[WhiteElo "1208"]
[WhiteRD "82"]
[BlackElo "2345"]
[BlackRD "69"]
[GameID "740975"]

1. c4 e5 2. Nc3 Nf6 3. Nf3 Nc6 4. d3 d5 5. Qb3 d4 6. Nd5 Nd7 7. Bg5 f6 8. Bd2 Ncb8 9. g3 c6 10. Nb4 a5
11. Nxc6 Nxc6 12. Rc1 Nc5 13. Qa3 Be7 14. b4 Na6 15. b5 Bxa3
0-1

[Event "2023 Standard Chess Dropout Tournament, Round 3"]
[Site "SchemingMind.com"]
[Date "2024.01.08"]
[Round "3"]
[White "Carlos Vila Hernández"]
[Black "Rubén Pulido "]
[Result "1/2-1/2"]
[WhiteCountry "CUB"]
[BlackCountry "CUB"]
[WhiteElo "2540"]
[WhiteRD "83"]
[BlackElo "2570"]
[BlackRD "106"]
[GameID "740976"]

1. d4 Nf6 2. c4 e6 3. Nf3 d5 4. Nc3 Bb4 5. Bg5 dxc4 6. e4 c5 7. Bxc4 cxd4 8. Nxd4 Bxc3+ 9. bxc3 Qa5 10. Bb5+ Nbd7
11. Bxf6 Qxc3+ 12. Kf1 gxf6 13. h4 a6 14. Rh3 Qb4 15. Be2 Ne5 16. Rb1 Qd6 17. Rc3 Bd7 18. Rxb7 O-O 19. f4 Ng6 20. g3 Rfb8
21. Rxb8+ Rxb8 22. Nb3 Qxd1+ 23. Bxd1 Ne7 24. Kf2 Ba4 25. h5 Kf8 26. Bc2 Rc8 27. Rxc8+ Nxc8 28. Ke2 Kg7 29. Ke3 e5 30. Bd3 Bxb3
31. axb3 a5 32. Bc2 Kh6 33. Bd1 Nd6 34. Kd3 f5 35. exf5 exf4=
1/2-1/2

[Event "2023 Standard Chess Dropout Tournament, Round 3"]
[Site "SchemingMind.com"]
[Date "2024.01.10"]
[Round "3"]
[White "Andrea Carra"]
[Black "Andrew Burruss"]
[Result "1-0"]
[WhiteCountry "ITA"]
[BlackCountry "USA"]
[WhiteElo "1905"]
[WhiteRD "106"]
[BlackElo "1411"]
[BlackRD "101"]
[GameID "740977"]

1. e4 e5 2. Nf3 Nc6 3. Bc4 Bc5 4. O-O Nf6 5. d3 O-O 6. Be3 d6 7. h3 h6 8. a3 a6 9. Re1 b5 10. Ba2 Ba7
11. Nbd2 Nh5 12. Nf1 Be6 13. Nxe5 Nxe5 14. Qxh5 Bxe3 15. Rxe3 Qf6 16. Nd2 g5 17. Bxe6 fxe6 18. Rf1 Rf7 19. d4 Nc6 20. Rf3 Qg7
21. Rxf7 Qxf7 22. Qxh6 Nxd4 23. Qxg5+ Qg7 24. Qxg7+ Kxg7 25. c3 Ne2+ 26. Kh2 Rh8 27. g3 Nxg3 28. fxg3 Rf8 29. Rxf8 Kxf8 30. g4 Kf7
31. Kg3 Kf6 32. h4 Kg6 33. b4 e5 34. c4 bxc4 35. Nxc4 Kf6 36. g5+ Kg6 37. Kg4 Kf7 38. h5 Ke6 39. g6 Kf6 40. Kh4 d5
41. exd5 Kf5 42. Nxe5 Kxe5 43. g7 Kxd5 44. g8=Q+ Kc6 45. h6
1-0

[Event "2023 Standard Chess Dropout Tournament, Round 3"]
[Site "SchemingMind.com"]
[Date "2024.01.06"]
[Round "3"]
[White "Diadoco"]
[Black "eliecercruzr"]
[Result "0-1"]
[WhiteCountry "MEX"]
[BlackCountry "CUB"]
[WhiteElo "1872"]
[WhiteRD "109"]
[BlackElo "2292"]
[BlackRD "59"]
[GameID "740978"]

1. e4 e5 2. Nf3 Nc6 3. Bc4 Bc5 4. c3 Nf6 5. d3 O-O 6. Bb3 d5 7. Qe2 dxe4 8. dxe4 Qe7 9. O-O a5 10. Bg5 h6
11. Bh4 a4 12. Bc2 g5 13. Bg3 Nh5 14. Nbd2 Be6 15. Bxe5 g4 16. Bd4 gxf3 17. Qxf3 Bxd4 18. Qxh5 Bg7 19. f4 a3
0-1

[Event "2023 Standard Chess Dropout Tournament, Round 3"]
[Site "SchemingMind.com"]
[Date "2024.01.07"]
[Round "3"]
[White "Derek Price"]
[Black "pnwmusichound"]
[Result "1-0"]
[WhiteCountry "ENG"]
[BlackCountry "USA"]
[WhiteElo "2349"]
[WhiteRD "70"]
[BlackElo "1824"]
[BlackRD "107"]
[GameID "740979"]

1. c4 Nf6 2. g3 g6 3. Bg2 d6 4. Nc3 Bg7 5. Nf3 O-O 6. d4 Nbd7 7. O-O e5 8. e4 c6 9. h3 Re8 10. Re1 a6
11. Be3 b5 12. dxe5 dxe5 13. Qc2 Qc7 14. cxb5 axb5 15. Nxb5 Qa5 16. Nd6 Rd8 17. Ng5 Rf8 18. Ngxf7 Rxf7 19. Qc4
1-0

[Event "2023 Standard Chess Dropout Tournament, Round 3"]
[Site "SchemingMind.com"]
[Date "2024.01.11"]
[Round "3"]
[White "echecs"]
[Black "Archon"]
[Result "0-1"]
[WhiteCountry "ENG"]
[BlackCountry "CAN"]
[WhiteElo "1766"]
[WhiteRD "97"]
[BlackElo "1735"]
[BlackRD "67"]
[GameID "740980"]

1. e4 d6 2. Nf3 g6 3. d4 Bg7 4. c3 Nf6 5. Nbd2 Nc6 6. Bd3 Bg4 7. O-O O-O 8. Be2 e5 9. d5 Ne7 10. c4 a5
11. b3 Bc8 12. Qc2 Nd7 13. Bd3 f5 14. Bb2 Nf6 15. exf5 gxf5 16. Be2 Ng6 17. h3 Bh6 18. Rad1 Rf7 19. a4 f4 20. Bd3 Rg7
21. Ne4 Nxe4 22. Bxe4 Nh4 23. Nxh4 Qxh4 24. Kh2 Bxh3 25. gxh3 f3 26. Bc1 Rg2+
0-1

[Event "2023 Standard Chess Dropout Tournament, Round 3"]
[Site "SchemingMind.com"]
[Date "2024.01.08"]
[Round "3"]
[White "eliecercruzr"]
[Black "Andreas Flato"]
[Result "1-0"]
[WhiteCountry "CUB"]
[BlackCountry "GER"]
[WhiteElo "2292"]
[WhiteRD "59"]
[BlackElo "1874"]
[BlackRD "128"]
[GameID "740981"]

1. e4 e5 2. Nf3 d6 3. d4 exd4 4. Nxd4 Be7 5. Bd3 Nf6 6. Nc3 O-O 7. O-O Nc6 8. Nxc6 bxc6 9. f4 Bg4 10. Qe1 Rb8
11. f5 Nh5 12. h3 Bh4 13. Qe3 Bxh3 14. Qxh3 g6 15. g4 Ng7 16. e5 dxe5 17. Kg2 Bg5 18. fxg6 hxg6 19. Bxg5 Qxg5 20. Ne4
1-0

[Event "2023 Standard Chess Dropout Tournament, Round 3"]
[Site "SchemingMind.com"]
[Date "2024.01.09"]
[Round "3"]
[White "Enri Arturo"]
[Black "Juan Jose Rivas Maceda"]
[Result "1/2-1/2"]
[WhiteCountry "CUB"]
[BlackCountry "PER"]
[WhiteElo "2558"]
[WhiteRD "86"]
[BlackElo "2522"]
[BlackRD "62"]
[GameID "740982"]

1. e4 c5 2. Nf3 d6 3. d4 cxd4 4. Nxd4 Nf6 5. Nc3 a6 6. f3 e5 7. Nb3 Be7 8. Be3 Be6 9. Qd2 O-O 10. O-O-O Nbd7
11. g4 b5 12. g5 Nh5 13. a3 Nb6 14. Na5 Rc8 15. Kb1 g6 16. Rg1 Qc7 17. Nd5 Nxd5 18. exd5 Bd7 19. c4 Nf4 20. Ka2 bxc4
21. Bxc4 Bd8 22. Nc6 Nxd5 23. Bxd5 Bxc6 24. Bxc6 Qxc6 25. Rc1 Qd7 26. Rxc8 Qxc8 27. Qxd6 Qc4+ 28. Kb1 e4 29. Bc5 Re8 30. Re1=
1/2-1/2

[Event "2023 Standard Chess Dropout Tournament, Round 3"]
[Site "SchemingMind.com"]
[Date "2024.01.08"]
[Round "3"]
[White "Erik Johnson"]
[Black "Enri Arturo"]
[Result "0-1"]
[WhiteCountry "USA"]
[BlackCountry "CUB"]
[WhiteElo "1742"]
[WhiteRD "78"]
[BlackElo "2558"]
[BlackRD "92"]
[GameID "740983"]

1. e4 c5 2. c3 Nf6 3. e5 Nd5 4. Nf3 d6 5. Bb5+ Bd7 6. Bxd7+ Qxd7 7. exd6 e6 8. O-O Bxd6 9. d4 cxd4 10. Nxd4 Nc6
11. Re1 O-O 12. Nxc6 Qxc6 13. Nd2 Rad8 14. Nf3 Rfe8 15. Bg5 f6 16. Bh4 Nxc3 17. Qb3 Ne4 18. Rac1 Nc5 19. Qc2 Bf8 20. Red1 Qa4
21. b3 Qa6 22. Bg3 Nd3 23. Rb1 Nb4 24. Qc7 Nd5 25. Qc2 Rc8 26. Qb2 Nc3 27. Rdc1 Ne2+ 28. Kh1 Nxc1 29. Rxc1 Ba3
0-1

[Event "2023 Standard Chess Dropout Tournament, Round 3"]
[Site "SchemingMind.com"]
[Date "2024.01.07"]
[Round "3"]
[White "George Dimitrov"]
[Black "Diadoco"]
[Result "1-0"]
[WhiteCountry "BUL"]
[BlackCountry "MEX"]
[WhiteElo "2546"]
[WhiteRD "90"]
[BlackElo "1870"]
[BlackRD "113"]
[GameID "740984"]

1. e4 c5 2. Nf3 d6 3. d4 cxd4 4. Nxd4 Nf6 5. Nc3 a6 6. Be3 e5 7. Nb3 Be6 8. f3 h5 9. Qd2 Nbd7 10. Nd5 Bxd5
11. exd5 g6 12. Be2 Bg7 13. O-O b6 14. Kh1 O-O 15. a4 Re8 16. Rad1 Nc5 17. Nxc5 bxc5 18. Bg5 Qb8 19. b3 e4 20. Bxf6 Bxf6
21. fxe4 Be5 22. Qh6 Qd8 23. Rxf7 Kxf7 24. Rf1+ Qf6 25. Qh7+ Kf8 26. Rxf6+ Bxf6 27. Qxg6 Ke7 28. Bxh5 Rf8 29. Qh7+ Kd8 30. Qb7
1-0

[Event "2023 Standard Chess Dropout Tournament, Round 3"]
[Site "SchemingMind.com"]
[Date "2024.01.11"]
[Round "3"]
[White "Giraldo Menendez Rodriguez"]
[Black "Rommel85"]
[Result "1/2-1/2"]
[WhiteCountry "CUB"]
[BlackCountry "CUB"]
[WhiteElo "2546"]
[WhiteRD "85"]
[BlackElo "2527"]
[BlackRD "74"]
[GameID "740985"]

1. c4 Nf6 2. d4 e6 3. Nf3 b6 4. g3 Ba6 5. b3 Bb4+ 6. Bd2 Be7 7. Bg2 c6 8. Bc3 d5 9. Nbd2 Nbd7 10. O-O O-O
11. Re1 c5 12. e4 dxe4 13. Nxe4 Bb7 14. Nxf6+ Bxf6 15. Rc1 h6 16. d5 exd5 17. cxd5 Re8 18. Rxe8+ Qxe8 19. Nd2 Bxc3 20. Rxc3 Nf6
21. Nc4 Ba6 22. h4 Qd7 23. Ne5 Qd6 24. Nc4 Bxc4 25. bxc4 Re8 26. Bf3 Re7 27. a4 Ne8 28. a5 bxa5 29. Kg2 Qd8 30. Ra3 Nd6
31. Ra4 Rb7 32. Qa1 Qb6 33. Qc3 g6 34. h5 g5 35. Qf6 Ne8 36. Qc3 Nd6 37. Ra2 Qb4 38. Qf6 Qxc4 39. Qd8+ Kg7 40. Qxd6 Qxa2
41. Qe5+ Kg8 42. Qe8+=
1/2-1/2

[Event "2023 Standard Chess Dropout Tournament, Round 3"]
[Site "SchemingMind.com"]
[Date "2024.01.11"]
[Round "3"]
[White "Helga1946"]
[Black "NYNH"]
[Result "1-0"]
[WhiteCountry "GER"]
[BlackCountry "USA"]
[WhiteElo "2396"]
[WhiteRD "72"]
[BlackElo "1979"]
[BlackRD "102"]
[GameID "740986"]

1. d4 d5 2. c4 c6 3. Nc3 Nf6 4. e3 e6 5. Nf3 Nbd7 6. Qc2 Bd6 7. Bd3 dxc4 8. Bxc4 b5 9. Be2 O-O 10. O-O Bb7
11. e4 e5 12. dxe5 Nxe5 13. Nd4 Neg4 14. g3 Re8 15. Nf5 Bc5 16. Bf4 Qb6 17. Bxg4 Nxg4 18. Qe2 Nf6 19. e5 Bf8 20. b4 a6
21. Qc2 Nd7 22. Ne4 Nxe5 23. Nfd6 Nf3+ 24. Kg2 Nd4 25. Qc5 Qxc5 26. bxc5 Re7 27. Rad1 Ne6 28. Kf3 Nxf4 29. gxf4 a5 30. Rg1 Ba6
31. f5 Kh8 32. f6
1-0

[Event "2023 Standard Chess Dropout Tournament, Round 3"]
[Site "SchemingMind.com"]
[Date "2024.01.11"]
[Round "3"]
[White "James Reed"]
[Black "Thomas Meehan"]
[Result "0-1"]
[WhiteCountry "ENG"]
[BlackCountry "ENG"]
[WhiteElo "1295"]
[WhiteRD "92"]
[BlackElo "1541"]
[BlackRD "144"]
[GameID "740989"]

1. e4 e6 2. d4 d5 3. Nc3 Ne7 4. Nf3 g6 5. e5 Bg7 6. Bd3 O-O 7. O-O Nbc6 8. b3 Nb4 9. h3 Nxd3 10. Qxd3 b6
11. Bg5 c5 12. Bxe7 Qxe7 13. Rfe1 cxd4 14. Qxd4 Ba6 15. a3 f6 16. a4 Qc7 17. Rac1 fxe5 18. Nxe5 Bxe5 19. Qxe5 Qxe5 20. Rxe5 Rac8
21. Nb5 Bxb5 22. axb5 Rfe8 23. f3 Kf7 24. c3 d4 25. Ree1 Rxc3 26. b4 Rxc1 27. Rxc1 e5 28. Rc7+ Ke6 29. Rxa7 Kd5 30. Rxh7 d3
31. Kf1 e4 32. Rd7+ Kc4
0-1

[Event "2023 Standard Chess Dropout Tournament, Round 3"]
[Site "SchemingMind.com"]
[Date "2024.01.11"]
[Round "3"]
[White "Sebastian Strauchler"]
[Black "Giraldo Menendez Rodriguez"]
[Result "1/2-1/2"]
[WhiteCountry "ARG"]
[BlackCountry "CUB"]
[WhiteElo "2345"]
[WhiteRD "153"]
[BlackElo "2546"]
[BlackRD "85"]
[GameID "740990"]

1. e4 c5 2. Nc3 Nc6 3. f4 g6 4. a4 b6 5. Nf3 Bg7 6. Bc4 e6 7. Nb5 d5 8. exd5 exd5 9. Bxd5 Nge7 10. Be4 Bb7
11. O-O O-O 12. d3 a6 13. Na3 f5 14. Bxc6 Nxc6 15. c3 Na5 16. Rb1 Qd5 17. b4 cxb4 18. cxb4 Nc6 19. Nc4 b5 20. Ne3 Qe6
21. Ng5 Qf6 22. Bb2 Nd4 23. Nc2 Qd6 24. Nxd4 Bxd4+ 25. Bxd4 Qxd4+ 26. Rf2 Rfe8 27. a5 Rac8 28. Nf3 Bxf3 29. Qxf3 Rc3 30. Qb7 Re6
31. h3 Rc2 32. Qf3 Kg7 33. Rf1 Rc7 34. Kh2 Rce7 35. Qd1 Qxb4 36. d4 Rd7 37. d5 Re4 38. Rc2 Rc4 39. Rxc4 Qxc4 40. d6 Qb4
41. Qa1+ Kh6 42. Qe5 Qd2 43. Qe6 Qxd6 44. Qxd6 Rxd6 45. Rc1 Kh5=
1/2-1/2

[Event "2023 Standard Chess Dropout Tournament, Round 3"]
[Site "SchemingMind.com"]
[Date "2024.01.08"]
[Round "3"]
[White "Jon Coles"]
[Black "Carlos Vila Hernández"]
[Result "1/2-1/2"]
[WhiteCountry "WLS"]
[BlackCountry "CUB"]
[WhiteElo "2514"]
[WhiteRD "100"]
[BlackElo "2540"]
[BlackRD "83"]
[GameID "740991"]

1. e4 e5 2. Nf3 Nc6 3. Bc4 Nf6 4. Ng5 d5 5. exd5 Na5 6. Bb5+ c6 7. dxc6 bxc6 8. Bd3 Nd5 9. Nf3 Bd6 10. O-O Nf4
11. Nc3 Nxd3 12. cxd3 O-O 13. Re1 c5 14. b3 Nc6 15. Ba3 Re8 16. Ne4 Bf8 17. Rc1 Nb4 18. Bxb4 cxb4 19. Nc5 Qd5 20. d4 Bg4
21. h3 Bxf3 22. Qxf3 Qxf3 23. gxf3 exd4 24. Nd3 Rxe1+ 25. Nxe1 g6 26. Rc4=
1/2-1/2

[Event "2023 Standard Chess Dropout Tournament, Round 3"]
[Site "SchemingMind.com"]
[Date "2024.01.11"]
[Round "3"]
[White "Michael Christensen"]
[Black "Andoni Zabala"]
[Result "1-0"]
[WhiteCountry "GER"]
[BlackCountry "INT"]
[WhiteElo "1703"]
[WhiteRD "90"]
[BlackElo "1718"]
[BlackRD "90"]
[GameID "740992"]

1. d4 Nf6 2. Bf4 g6 3. e3 Bg7 4. Nf3 d6 5. c3 O-O 6. Nbd2 Nbd7 7. h4 c6 8. Be2 Re8 9. Ng5 e5 10. Bg3 h6
11. Nge4 d5 12. Nxf6+ Bxf6 13. h5 g5 14. Nf1 exd4 15. cxd4 Qb6 16. Qc2 Qb4+ 17. Nd2 Bg7 18. a3 Qe7 19. O-O-O c5 20. dxc5 Nxc5
21. Kb1 Be6 22. f4 Rab8 23. f5 Bd7 24. Bxb8 Rxb8 25. Rc1 Qxe3 26. Rhe1 Qf2 27. Qxc5 Rc8 28. Qxf2
1-0

[Event "2023 Standard Chess Dropout Tournament, Round 3"]
[Site "SchemingMind.com"]
[Date "2024.01.06"]
[Round "3"]
[White "Steven DuCharme"]
[Black "The Chess Machine"]
[Result "0-1"]
[WhiteCountry "USA"]
[BlackCountry "ENG"]
[WhiteElo "1509"]
[WhiteRD "51"]
[BlackElo "2513"]
[BlackRD "63"]
[GameID "740993"]

1. c4 c5 2. Nc3 Nc6 3. g3 g6 4. Bg2 Bg7 5. Nf3 d6 6. O-O e5 7. d3 Nge7 8. a3 O-O 9. h3 h6 10. Bd2 Be6
11. Rb1 Qd7 12. Kh2 a5 13. Qa4 f5 14. Nb5 d5 15. b4 axb4 16. Qxa8 Rxa8 17. axb4 e4 18. Ne1 Nxb4 19. Bxb4 cxb4 20. Rxb4 dxc4
21. dxc4 Nc6
0-1

[Event "2023 Standard Chess Dropout Tournament, Round 3"]
[Site "SchemingMind.com"]
[Date "2024.01.06"]
[Round "3"]
[White "John Elburg"]
[Black "trazadora"]
[Result "1/2-1/2"]
[WhiteCountry "NED"]
[BlackCountry "CUB"]
[WhiteElo "2546"]
[WhiteRD "91"]
[BlackElo "2551"]
[BlackRD "81"]
[GameID "740995"]

1. e4 e5 2. Nf3 Nc6 3. Bb5 a6 4. Ba4 Nf6 5. O-O Be7 6. Re1 b5 7. Bb3 O-O 8. c3 d5 9. exd5 Nxd5 10. Nxe5 Nxe5
11. Rxe5 c6 12. d4 Bd6 13. Re1 Qh4 14. g3 Qh3 15. Re4 g5 16. Qf1 Qh5 17. Nd2 f5 18. Bd1 Qh6 19. Re1 f4 20. Ne4 Bc7
21. Bd2 Bf5 22. Bf3 Rf7 23. Qe2 Raf8 24. Bg4 Bxe4 25. Qxe4 fxg3 26. fxg3 Nf6 27. Qe2 Nxg4 28. Qxg4 Rf2 29. Qxg5+ Qxg5 30. Bxg5 Rxb2
31. Rf1 Rxf1+ 32. Rxf1 Rxa2 33. Bh6 Bd6 34. Rf6 Be7=
1/2-1/2